| 000 | 00667cam a22002293a 4500 | ||
|---|---|---|---|
| 001 | 30471 | ||
| 003 | PGUSA | ||
| 005 | 20140828083647.0 | ||
| 008 | 091114s2009||||xxu|||||s|||||000 1 eng d | ||
| 040 |
_aPGUSA _beng |
||
| 042 | _adc | ||
| 050 | 4 | _aPZ | |
| 100 | 1 | _aEmerson, Alice B. | |
| 245 | 1 | 0 |
_aBetty Gordon in the Land of Oil : _bThe Farm That Was Worth a Fortune _h[electronic resource] / _cAlice B. Emerson |
| 260 |
_bProject Gutenberg, _c2009 |
||
| 506 | _aPublic domain in the USA. | ||
| 516 | _aElectronic text | ||
| 653 | _aOklahoma -- Fiction | ||
| 830 | 0 |
_aProject Gutenberg _v30471 |
|
| 856 | 4 | 0 | _uhttp://www.gutenberg.org/ebooks/30471 |
| 942 | _cEB | ||
| 999 |
_c259726 _d259726 |
||